000 01026nam a2200265 i 4500
001 169080
003 ES-MaACL
005 20250812062535.0
008 080807s1954 sp f |||| | spa d
080 _a301:282
100 1 _aSchmaus, Michael.
_9104445
245 1 3 _aEl hombre como persona y como ser colectivo /
_cMichael Schmaus.
260 _aMadrid :
_bAteneo,
_c1954.
300 _a30 p., [1] h. de lám. ;
_c19 cm.
490 1 _aColección "O crece o muere" ;
_v66
594 _aEl original de este cuaderno fue dado a conocer por el autor en la campaña de colaboración cultural entre los Ateneos de España durante el curso 1953-4.
598 _aColección publ. por la Editora Nacional.
610 2 7 _aAteneo de Madrid-
_vConferencias-
_y1940-1982.
_91908
650 0 7 _aAntropología teológica
_2embne
_9143894
830 0 0 _aColección "O crece o muere"
_v66
_9183476
852 _aES-MaACL
_jJ-24(66)
852 _aES-MaACL
_jJ-25(66)
852 _aES-MaACL
_j1637-19
999 _c169080
_d169080